000 00501cam a22001457a 4500
008 180718b1995 xxu||||| |||| 00| 0 eng d
082 _aB73x54 M896
100 _aMukarji, Nirmal
245 _aPeople's representatives and bureaucracy the interface in panchayati raj
_cby Nirmal Mukarji et.al.
260 _aNew Delhi
_bInstitute of Social Sciences
_c1995
300 _a52p.
440 _aISS occasional paper series 17
650 _aPanchayats - Employee participation
650 _aPanchayats - India
999 _c378843
_d378843